| 000 | 02070cam a2200373 a 4500 | ||
|---|---|---|---|
| 999 |
_c129091 _d129091 |
||
| 001 | 14320944 | ||
| 003 | ARRUPE | ||
| 005 | 20190222093811.0 | ||
| 008 | 060329s2006 mau b 001 0 eng | ||
| 010 | _a 2006010725 | ||
| 020 | _a1565633989 (alk. paper) | ||
| 020 | _a9781565633988 (alk. paper) | ||
| 035 | _a(OCoLC)ocm65425898 | ||
| 035 | _a(OCoLC)65425898 | ||
| 040 |
_aDLC _cDLC _dYDX _dBAKER _dBTCTA _dYDXCP _dDLC |
||
| 050 | 0 | 0 |
_aBT180.J8 _bV36 2006 |
| 082 | 0 | 0 |
_a234 _222 |
| 100 | 1 |
_aVanLandingham, Chris, _d1963- _944855 |
|
| 245 | 1 | 0 |
_aJudgment & justification in early Judaism and the Apostle Paul / _cChris VanLandingham. |
| 246 | 3 | 0 | _aJudgment and justification in early Judaism and the Apostle Paul |
| 260 |
_aPeabody, Mass. : _bHendrickson Publishers, _cc2006. |
||
| 300 |
_axvi, 384 p. ; _c24 cm. |
||
| 504 | _aIncludes bibliographical references (p. [337]-354) and indexes. | ||
| 505 | 0 | _aElection, covenant, and God's grace as they relate to obedience in post-biblical Judaism -- The last judgment according to deeds and its relationship to God's grace, mercy, and covenant with Abraham -- Behavior, the last judgment, and eternal destiny in the Pauline epistles -- "Justification by faith" : a mistranslated phrase and misunderstood concept. | |
| 600 | 0 | 0 |
_aPaul, _cthe Apostle, Saint. _944856 |
| 630 | 0 | 0 |
_aBible. _pEpistles of Paul _xCriticism, interpretation, etc. _944857 |
| 650 | 0 |
_aJudgment of God _xHistory of doctrines. _911800 |
|
| 650 | 0 |
_aJustification (Christian theology) _xHistory of doctrines. _934827 |
|
| 650 | 0 |
_aGrace (Theology) _911802 |
|
| 650 | 0 |
_aJudaism _xHistory _yPost-exilic period, 586 B.C.-210 A.D. _944858 |
|
| 856 | 4 | 1 |
_3Table of contents only _uhttp://www.loc.gov/catdir/toc/ecip0611/2006010725.html |
| 906 |
_a7 _bcbc _corignew _d1 _eecip _f20 _gy-gencatlg |
||
| 942 |
_2lcc _cMONOGRAPH |
||